000
00317nam a2200133Ia 4500
008
150201s2007 xx 000 0 und d
082
_a
617.96
_b
A07A
100
_a
AITKENHEAD, ALAN R
245
_a
TB OF ANAESTHESIA
250
_a
5TH
260
_b
CHURCHILL
_a
DELHI
_c
2007
650
_a
ANAESTHESIOLOGY
942
_2
ddc
_c
BK
999
_c
700
_d
700